LIBRARY & INFORMATION CENTRE, KCAET, TAVANUR

ONLINE PUBLIC ACCESS CATALOGUE (OPAC)

Algebra: commercial- statistical / (Record no. 9152)

MARC details
000 -LEADER
fixed length control field 00475cam a2200181ua 4500
041 ## - LANGUAGE CODE
Language code of text/sound track or separate title eng
082 ## - DEWEY DECIMAL CLASSIFICATION NUMBER
Classification number 512
Item number RIC/AL
100 ## - MAIN ENTRY--AUTHOR NAME
Personal name Richardson, Clarence H .
245 ## - TITLE STATEMENT
Title Algebra: commercial- statistical /
260 ## - PUBLICATION, DISTRIBUTION, ETC. (IMPRINT)
Place of publication Toronto :
Name of publisher D Van nostrand co ,
Year of publication 1951.
300 ## - PHYSICAL DESCRIPTION
Number of Pages 233 ; .
700 1# - ADDED ENTRY--PERSONAL NAME
Personal name Miller, Isaiah Leslie .
942 ## - ADDED ENTRY ELEMENTS (KOHA)
Koha item type Books
Holdings
Withdrawn status Lost status Damaged status Home library Current library Date acquired Full call number Accession Number Koha item type
      KAUAET KAUAET 07/04/2012 512 9204 Books
free website counter